| 000 | 00875nam a2200205 a 4500 | ||
|---|---|---|---|
| 005 | 20140412111236.0 | ||
| 008 | 010604s19uu xx 00 eng d | ||
| 020 | _a0-8431-3993-5 | ||
| 050 |
_aER _bPu96Le 1999 |
||
| 100 | _aFujimoto, Michi | ||
| 245 |
_aThe puzzle place: Leon's antics / _cwritten by Michi Fujimoto. |
||
| 260 |
_aNew York : _bPutnam & Grosset Group, _c1995. |
||
| 300 | _a1v. (unp.) ; ill. | ||
| 440 | _aThe Puzzle Place | ||
| 500 | _aBased on the teleplay, "Roamantics," by Ellis Weiner, Cris Franco and Joseph A. Bailey | ||
| 520 | _aBen shares his new ant farm with the Puzzle Place. The direction include a warning: DO NOT OPEN. But Leon can't resist the temptation- and soon the ants take actions have consequences and that he has to take responsibility for the, | ||
| 650 | _aAnts-Stories | ||
| 650 | _aChildren's stories | ||
| 999 |
_c102424 _d102424 |
||